| 000 | 00871cam a2200277 4500 | ||
|---|---|---|---|
| 999 |
_c79738 _d317015 |
||
| 001 | 318901 | ||
| 003 | OSt | ||
| 005 | 20220314161434.0 | ||
| 008 | 701015s1970 ne b 001 0 eng | ||
| 010 | _a 74118128 | ||
| 015 | _aNe70-24 | ||
| 040 |
_aDLC _cDLC _dDLC |
||
| 050 | 0 | 0 |
_aP25 _b.F65 vol. 1 |
| 082 | 0 | 0 |
_a410.8 _222 _bHZP |
| 100 | 1 |
_aHarris, Zellig S. _q(Zellig Sabbettai), _d1909-1992. _989511 |
|
| 245 | 1 | 0 |
_aPapers in structural and transformational linguistics. _c[By] Zellig S. Harris. |
| 260 |
_aDordrecht, _bReidel _c[1970] |
||
| 300 |
_ax, 850 p. _c25 cm. |
||
| 350 | _a130.00 | ||
| 440 | 0 |
_aFormal linguistics series, _vv. 1 _989512 |
|
| 504 | _aIncludes bibliographical references. | ||
| 650 | 0 |
_aStructural linguistics. _938511 |
|
| 650 | 0 |
_aGenerative grammar. _989513 |
|
| 906 |
_a7 _bcbc _corignew _d3 _encip _f19 _gy-gencatlg |
||
| 942 |
_2ddc _cBOOK |
||